[Event "4NCL 2024-25"]
[Site "England ENG"]
[Date "2024.11.24"]
[Round "2.61"]
[White "Rendle, Thomas E"]
[Black "Kovchan, Alexander"]
[Result "1/2-1/2"]
[WhiteTitle "IM"]
[BlackTitle "GM"]
[WhiteElo "2378"]
[BlackElo "2433"]
[WhiteTeam "The Sharks 2"]
[BlackTeam "Barnet Knights A"]
[WhiteFideId "408760"]
[BlackFideId "14103052"]
[EventDate "2024.11.23"]

1. d4 Nf6 2. c4 g6 3. g3 c6 4. Bg2 d5 5. Nf3 Bg7 6. O-O O-O 7. Ne5 dxc4 8. Nxc4
Be6 9. Ne5 Qc8 10. e4 Bh3 11. Qe2 1/2-1/2

[Event "4NCL 2024-25"]
[Site "England ENG"]
[Date "2024.11.24"]
[Round "2.67"]
[White "Murphy, Hugh W"]
[Black "Badacsonyi, Stanley"]
[Result "1/2-1/2"]
[BlackTitle "FM"]
[WhiteElo "2008"]
[BlackElo "2320"]
[WhiteTeam "The Sharks 2"]
[BlackTeam "Barnet Knights A"]
[WhiteFideId "422444"]
[BlackFideId "486973"]
[EventDate "2024.11.23"]

1. e4 e6 2. Qe2 c5 3. f4 Nc6 4. Nf3 Nge7 5. b3 d5 6. Bb2 dxe4 7. Qxe4 Qd5 8. Nc3
Qxe4+ 9. Nxe4 Nd5 10. Bb5 Nb4 11. O-O a6 12. a3 Nd5 13. Bxc6+ bxc6 14. Ne5 f6
15. Nc4 Kd7 16. Na5 Kc7 17. c4 Nb6 18. Rad1 Be7 19. Rfe1 Rb8 20. d4 cxd4 21.
Bxd4 Re8 22. Bc5 Bxc5+ 23. Nxc5 e5 24. fxe5 fxe5 25. Rf1 Re7 26. Rf8 Nd7 27.
Nxd7 Bxd7 28. Rxb8 Kxb8 29. c5 Kc7 30. Rd6 e4 31. Kf2 Rf7+ 32. Ke3 Rf1 33. Kxe4
Rf2 34. g3 1/2-1/2

[Event "4NCL 2024-25"]
[Site "England ENG"]
[Date "2025.01.25"]
[Round "3.11"]
[White "Waldhausen Gordon, Frederick"]
[Black "Harvey, Marcus R"]
[Result "1/2-1/2"]
[WhiteTitle "FM"]
[BlackTitle "IM"]
[WhiteElo "2407"]
[BlackElo "2474"]
[WhiteTeam "Alba"]
[BlackTeam "Wood Green"]
[WhiteFideId "2409143"]
[BlackFideId "400092"]
[EventDate "2024.11.23"]

1. d4 Nf6 2. c4 e6 3. Nf3 d5 4. Nc3 dxc4 5. e4 Bb4 6. Bxc4 Nxe4 7. O-O Nxc3 8.
bxc3 Be7 9. Re1 Nd7 10. Bf4 O-O 11. Bd3 Re8 12. Qe2 Nf8 13. Qe4 Rb8 14. a4 Bd6
15. Rab1 Bxf4 16. Qxf4 Bd7 17. Be4 b6 18. h4 f6 19. h5 h6 20. Re3 Bxa4 21. Ra1
Bb5 22. Rxa7 Qd6 23. Qxd6 cxd6 24. c4 Bd7 25. Nh4 f5 26. Bf3 Red8 27. Rc3 Rbc8
28. Rb7 d5 29. Be2 Rb8 30. Rxb8 Rxb8 31. cxd5 exd5 32. Bf3 Be6 33. Rc6 b5 34.
Ng6 b4 35. Nxf8 b3 36. Bd1 b2 37. Bc2 b1=Q+ 38. Bxb1 Rxb1+ 39. Kh2 Kxf8 40. Rxe6
Rd1 41. Re5 Rxd4 42. Rxf5+ Ke7 43. Kg3 Ke6 44. Rf8 Ra4 45. Kf3 Ra7 46. Ke3 Ra3+
47. Kf4 Ra4+ 48. Kf3 Ra7 49. Ke3 Kd6 50. Rd8+ Ke5 51. f4+ Kf5 52. Rxd5+ Kg4 53.
Rd6 Ra3+ 54. Kf2 Ra2+ 55. Kg1 Ra1+ 56. Kh2 Ra7 57. Rg6+ Kxf4 58. Kg1 Rb7 59. Kf2
Re7 60. g3+ Ke4 61. Rg4+ Kd3 62. Rg6 Rf7+ 63. Kg2 Ke4 64. Re6+ Kf5 65. Rg6 Ke5
66. Kg1 Ke4 67. Kg2 Re7 68. Kf2 Rf7+ 69. Kg2 Kf5 70. Kf3 1/2-1/2

[Event "4NCL 2024-25"]
[Site "England ENG"]
[Date "2025.01.25"]
[Round "3.12"]
[White "Speelman, Jon S"]
[Black "Olson, Hamish"]
[Result "1-0"]
[WhiteTitle "GM"]
[BlackTitle "FM"]
[WhiteElo "2492"]
[BlackElo "2368"]
[WhiteTeam "Wood Green"]
[BlackTeam "Alba"]
[WhiteFideId "400033"]
[BlackFideId "2404257"]
[EventDate "2024.11.23"]

1. Nf3 d5 2. g3 Nc6 3. Bg2 e5 4. d3 f6 5. c3 a5 6. O-O Be6 7. Nbd2 Qd7 8. Qa4 h5
9. h4 Bh3 10. Bxh3 Qxh3 11. e4 O-O-O 12. Qb5 dxe4 13. dxe4 Nh6 14. Re1 Ng4 15.
Nf1 Bd6 16. a3 g5 17. Bxg5 Nxf2 18. Bxf6 Rhf8 19. Kxf2 Rxf6 20. b4 Rdf8 21. Re3
Qh1 22. Qe2 Kb8 23. Rd1 Ne7 24. Rdd3 Nc8 25. Ke1 Nb6 26. Qh2 Qxh2 27. N1xh2 Nc4
28. Re2 Nxa3 29. bxa5 Nc4 30. Ng5 Rg8 31. Ra2 Ka7 32. Nhf3 Ka6 33. Ke2 Bc5 34.
Rd7 Bd6 35. Rh7 Nxa5 36. Rxh5 b5 37. Rh7 c5 38. Rf7 Rxf7 39. Nxf7 Rxg3 40. Kf2
Rg6 41. h5 Rf6 42. Nxd6 Rxd6 43. Nxe5 Rh6 44. Kg3 Rxh5 45. Nc6 Kb6 46. Nxa5 c4
47. Kg4 Rh1 48. e5 Re1 49. Kf4 Rf1+ 50. Ke3 Rh1 51. Nxc4+ bxc4 52. Kd4 Kc6 53.
Re2 Kb5 54. e6 Rd1+ 55. Ke5 Kc6 56. Re4 1-0

[Event "4NCL 2024-25"]
[Site "England ENG"]
[Date "2025.01.25"]
[Round "3.13"]
[White "Gourlay, Iain"]
[Black "Tan, Justin2"]
[Result "0-1"]
[WhiteTitle "FM"]
[BlackTitle "GM"]
[WhiteElo "2297"]
[BlackElo "2512"]
[WhiteTeam "Alba"]
[BlackTeam "Wood Green"]
[WhiteFideId "2401533"]
[BlackFideId "3206882"]
[EventDate "2024.11.23"]

1. c4 e6 2. g3 d5 3. Bg2 Nf6 4. Nf3 d4 5. O-O c5 6. e3 Nc6 7. exd4 cxd4 8. d3 h6
9. Re1 Bd6 10. Na3 O-O 11. Nc2 a5 12. a3 e5 13. Rb1 a4 14. Nb4 Nd7 15. c5 Bc7
16. Bd2 Re8 17. Nh4 Na5 18. Qc2 Nb3 19. c6 Ndc5 20. Nd5 Bd6 21. Bb4 bxc6 22.
Bxc5 cxd5 23. Bxd6 Qxd6 24. f4 f6 25. Qf2 Be6 26. fxe5 fxe5 27. Qe2 Bd7 28. Qf3
e4 29. dxe4 Nd2 30. Qd1 Nxb1 31. Qxd4 Qe5 32. Qf2 Rf8 33. Qc2 Qd4+ 34. Kh1 Nd2 0-1

[Event "4NCL 2024-25"]
[Site "England ENG"]
[Date "2025.01.25"]
[Round "3.15"]
[White "Berry, Neil"]
[Black "Wadsworth, Matthew J"]
[Result "0-1"]
[WhiteTitle "FM"]
[BlackTitle "IM"]
[WhiteElo "2254"]
[BlackElo "2500"]
[WhiteTeam "Alba"]
[BlackTeam "Wood Green"]
[WhiteFideId "2400650"]
[BlackFideId "415804"]
[EventDate "2024.11.23"]

1. d4 d5 2. c4 c6 3. Nf3 Nf6 4. Nc3 dxc4 5. a4 Bf5 6. Ne5 e6 7. f3 Bb4 8. Nxc4
O-O 9. Kf2 h6 10. e4 Bh7 11. Be3 a5 12. Be2 Nfd7 13. Na2 Be7 14. Qb3 Qc7 15.
Rac1 Na6 16. g3 Nb4 17. Nxb4 Bxb4 18. Rhd1 Kh8 19. Bf4 Qd8 20. Bd6 b5 21. Bxf8
bxc4 22. Bxg7+ Kxg7 23. Bxc4 Rb8 24. Qe3 Bd6 25. b3 Qg5 26. Rc3 Bb4 27. Rc2 Rb6
28. Be2 Qxe3+ 29. Kxe3 c5 30. d5 e5 31. Bb5 Rd6 32. Bxd7 Rxd7 33. g4 f6 34. Rdc1
Rb7 35. Rd1 Bg6 36. Kf2 Kf8 37. Ke3 Ke7 38. h4 Ba3 39. Rd3 Kd6 40. Kd2 h5 41.
Ke3 Rh7 42. Rg2 hxg4 43. Rxg4 Bc1+ 44. Ke2 Bf7 45. Rd1 Bh6 46. Rdg1 Rh8 47. Kd3
Ke7 48. Kc4 Rb8 49. Re1 Kd6 50. Kc3 Rb4 51. Reg1 Ke7 52. h5 Rb8 53. Rh1 Rb4 54.
Rh2 Rd4 55. Rg1 f5 56. Rg6 Bxg6 57. hxg6 Bg7 58. exf5 Kf6 59. Rh7 Rf4 60. Rh3
Kxf5 0-1

[Event "4NCL 2024-25"]
[Site "England ENG"]
[Date "2025.01.25"]
[Round "3.16"]
[White "Jackson, James P"]
[Black "McKay, Roderick M"]
[Result "1-0"]
[WhiteTitle "IM"]
[BlackTitle "IM"]
[WhiteElo "2367"]
[BlackElo "2183"]
[WhiteTeam "Wood Green"]
[BlackTeam "Alba"]
[WhiteFideId "416860"]
[BlackFideId "2400049"]
[EventDate "2024.11.23"]

1. c4 d6 2. Nc3 e5 3. Nf3 f5 4. d4 e4 5. Ng1 Nf6 6. Bf4 Nh5 7. Bg3 f4 8. e3 fxg3
9. Qxh5+ g6 10. Qe2 gxf2+ 11. Qxf2 Bh6 12. h4 Nc6 13. Nxe4 Rf8 14. Qd2 Bf5 15.
Ng5 Bxg5 16. hxg5 Qxg5 17. O-O-O Bg4 18. Re1 O-O-O 19. Rxh7 Rde8 20. Nh3 Qf6 21.
Nf4 Nxd4 22. Qa5 Rf7 23. Nd5 Qxf1 24. Qxc7+ Rxc7 25. Rxc7+ 1-0

[Event "4NCL 2024-25"]
[Site "England ENG"]
[Date "2025.01.25"]
[Round "3.17"]
[White "Shafi, Declan"]
[Black "Haydon, David L"]
[Result "1/2-1/2"]
[BlackTitle "FM"]
[WhiteElo "2194"]
[BlackElo "2278"]
[WhiteTeam "Alba"]
[BlackTeam "Wood Green"]
[WhiteFideId "2405156"]
[BlackFideId "415405"]
[EventDate "2024.11.23"]

1. e4 d5 2. exd5 Qxd5 3. Nc3 Qd6 4. d4 Nf6 5. Bc4 c6 6. Nge2 e6 7. O-O Be7 8.
Ng3 O-O 9. Nce4 Qd8 10. Nxf6+ Bxf6 11. c3 Nd7 12. Nh5 e5 13. Nxf6+ Qxf6 14. Be3
Nb6 15. dxe5 Qxe5 16. Bd4 Qg5 17. f4 Qa5 18. b4 Qf5 19. Bd3 Qd5 20. f5 f6 21.
Rf4 Nc4 22. Qe2 Ne5 23. c4 Qd6 24. c5 Qc7 25. Bc2 a5 26. a4 axb4 27. Bb3+ Kh8
28. Raf1 Bd7 29. Rh4 Be8 30. Bxe5 fxe5 31. Rxb4 Ra5 32. Qe3 Qe7 33. Be6 e4 34.
Rfb1 Qxc5 35. Qxc5 Rxc5 36. Rxe4 g6 37. g4 gxf5 38. gxf5 Bf7 39. Rbe1 Kg7 40.
Rb4 Rb8 41. Rd1 Bxe6 42. fxe6 Kf6 43. Rd7 Rf5 44. h3 Rg8+ 45. Kh2 Rf2+ 46. Kh1
Rfg2 47. Rb1 R2g7 48. Rdxb7 Rxb7 49. Rxb7 Kxe6 50. a5 h5 51. a6 Rg3 52. Kh2 Ra3
53. a7 c5 54. Kg2 Kd5 55. Kf2 Kc6 56. Rh7 Kb6 57. Ke2 Rxa7 58. Rxh5 Rd7 59. Re5
c4 1/2-1/2

[Event "4NCL 2024-25"]
[Site "England ENG"]
[Date "2025.01.25"]
[Round "3.18"]
[White "Galvan Cipriani, Viviana"]
[Black "Patel, Zain"]
[Result "1-0"]
[WhiteTitle "WFM"]
[WhiteElo "2015"]
[BlackElo "2079"]
[WhiteTeam "CSC/Kingston 1"]
[BlackTeam "CSC/Kingston 1"]
[WhiteFideId "32041144"]
[BlackFideId "469246"]
[EventDate "2024.11.23"]

1. c4 e5 2. Nc3 Nf6 3. Nf3 d6 4. g3 Be7 5. Bg2 O-O 6. O-O Re8 7. Rb1 c6 8. d3
Bf8 9. e4 h6 10. Re1 a5 11. b3 Na6 12. Bb2 Nc7 13. h3 g6 14. Qc2 Bg7 15. d4 Ne6
16. Rbd1 exd4 17. Nxd4 Nxd4 18. Rxd4 Nd5 19. Rdd1 Nxc3 20. Bxc3 Bxc3 21. Qxc3
Qc7 22. Qd2 a4 23. Qxh6 Re5 24. Qf4 axb3 25. axb3 Ra3 26. Re3 b5 27. Red3 bxc4
28. Rxd6 Ra1 29. Rxa1 Qxd6 30. bxc4 g5 31. Qe3 Be6 32. f4 gxf4 33. gxf4 Qc5 34.
Qxc5 Rxc5 35. Bf1 f5 36. e5 Kf7 37. Ra4 Ke7 38. Kf2 Kd7 39. Ke3 Kc7 40. Kd4 Kb6
41. Rb4+ Rb5 42. c5+ Ka5 43. Bxb5 Kxb4 44. Bxc6 Bc8 45. h4 1-0

[Event "4NCL 2024-25"]
[Site "England ENG"]
[Date "2025.01.25"]
[Round "3.21"]
[White "Gormally, Daniel W"]
[Black "Lupulescu, Constantin"]
[Result "0-1"]
[WhiteTitle "GM"]
[BlackTitle "GM"]
[WhiteElo "2428"]
[BlackElo "2577"]
[WhiteTeam "Blackthorne"]
[BlackTeam "Manx Liberty"]
[WhiteFideId "406465"]
[BlackFideId "1207822"]
[EventDate "2024.11.23"]

1. d4 Nf6 2. Nf3 d5 3. c4 e6 4. Nc3 Nbd7 5. Bg5 c6 6. e3 Qa5 7. cxd5 Nxd5 8. Qd2
Bb4 9. Rc1 e5 10. Bd3 h6 11. Bh4 O-O 12. O-O Re8 13. e4 Nf4 14. Bc4 Ng6 15. Bg3
exd4 16. Qxd4 Nb6 17. Bb3 Bg4 18. Rfd1 Re7 19. h3 Bxf3 20. gxf3 Rd7 21. Qe3 Qh5
22. Rxd7 Nxd7 23. Qd4 Qxh3 24. Qxb4 Nde5 25. Bd1 Nd3 26. Qc4 Rd8 27. Bb3 Nge5 0-1

[Event "4NCL 2024-25"]
[Site "England ENG"]
[Date "2025.01.25"]
[Round "3.22"]
[White "Parligras, Mircea-Emilian"]
[Black "Bates, Richard A"]
[Result "1-0"]
[WhiteTitle "GM"]
[BlackTitle "IM"]
[WhiteElo "2507"]
[BlackElo "2311"]
[WhiteTeam "Manx Liberty"]
[BlackTeam "Blackthorne"]
[WhiteFideId "1204297"]
[BlackFideId "403555"]
[EventDate "2024.11.23"]

1. d4 Nf6 2. c4 g6 3. Nc3 Bg7 4. e4 d6 5. h3 O-O 6. Be3 c5 7. Nf3 Nbd7 8. d5 b5
9. cxb5 a6 10. a4 Qa5 11. Nd2 axb5 12. Bxb5 Ba6 13. Ra3 Bxb5 14. axb5 Qb6 15.
Nc4 Qb7 16. Na5 Qc7 17. Nc6 Nb6 18. Qb3 Qd7 19. O-O e6 20. Rfa1 exd5 21. exd5
Kh8 22. Rxa8 Rxa8 23. Rxa8+ Nxa8 24. b6 Qb7 25. Na4 Nd7 26. Na5 Qb8 27. b7 Nc7
28. Nc6 Qe8 29. Nb6 1-0

[Event "4NCL 2024-25"]
[Site "England ENG"]
[Date "2025.01.25"]
[Round "3.23"]
[White "Ledger, Andrew J"]
[Black "Royal, Shreyas"]
[Result "1-0"]
[WhiteTitle "IM"]
[BlackTitle "GM"]
[WhiteElo "2345"]
[BlackElo "2465"]
[WhiteTeam "Blackthorne"]
[BlackTeam "Manx Liberty"]
[WhiteFideId "400610"]
[BlackFideId "448869"]
[EventDate "2024.11.23"]

1. d4 Nf6 2. c4 e6 3. Nf3 d5 4. Nc3 Nbd7 5. cxd5 exd5 6. Qc2 Bb4 7. a3 Bxc3+ 8.
Qxc3 Ne4 9. Qc2 O-O 10. e3 c5 11. Bd3 Re8 12. O-O c4 13. Be2 Nb6 14. Bd2 Bf5 15.
Qd1 Nxd2 16. Qxd2 Nc8 17. b3 Nd6 18. bxc4 dxc4 19. a4 Qb6 20. Ne5 Rac8 21. Rfc1
Qb3 22. Qa2 Be6 23. Qa3 Qxa3 24. Rxa3 f6 25. Nf3 Ne4 26. Kf1 c3 27. Bd3 Bc4 28.
Ne1 Bxd3+ 29. Nxd3 Rc4 30. Ke2 Rec8 31. f3 Nd6 32. Nc5 b6 33. Ne4 Nxe4 34. fxe4
Rb4 35. Kd3 Rb2 36. Rc2 Rxc2 37. Kxc2 Rc4 38. a5 b5 39. Rxc3 Rxc3+ 40. Kxc3 a6
41. d5 Kf7 42. Kd4 Ke7 43. e5 Kd7 44. e6+ Kd6 45. g4 g6 46. e4 g5 47. h3 h6 48.
Kd3 Ke7 49. Kc3 Kd6 50. Kd4 1-0

[Event "4NCL 2024-25"]
[Site "England ENG"]
[Date "2025.01.25"]
[Round "3.25"]
[White "Duncan, Chris R"]
[Black "Grieve, Harry"]
[Result "0-1"]
[WhiteTitle "FM"]
[BlackTitle "IM"]
[WhiteElo "2178"]
[BlackElo "2472"]
[WhiteTeam "Blackthorne"]
[BlackTeam "Manx Liberty"]
[WhiteFideId "403091"]
[BlackFideId "426520"]
[EventDate "2024.11.23"]

1. d4 d5 2. c4 e6 3. Nc3 a6 4. cxd5 exd5 5. Bf4 Nf6 6. e3 Bd6 7. Bg5 c6 8. Bd3
O-O 9. Qc2 h6 10. Bh4 Re8 11. Nge2 a5 12. O-O Bxh2+ 13. Kh1 Bd6 14. Rad1 Na6 15.
Qd2 Ne4 16. Bxd8 Nxd2 17. Rxd2 Rxd8 18. f3 Nc7 19. Kg1 Be6 20. Kf2 h5 21. f4 Bg4
22. Ng1 c5 23. Nf3 c4 24. Bc2 b5 25. Ne5 Bxe5 26. dxe5 Rab8 27. Ne2 Bxe2 28.
Kxe2 g6 29. Rfd1 Rdc8 30. g3 Kg7 31. Kf3 b4 32. Ba4 Rb6 33. g4 hxg4+ 34. Kxg4 f6
35. e4 fxe5 36. exd5 c3 37. bxc3 bxc3 38. Rc2 Rd8 39. Bb3 Rb4 40. Rxc3 Rxf4+ 41.
Kg3 Nb5 42. Rf3 a4 43. Rxf4 exf4+ 44. Kxf4 axb3 45. axb3 Nc3 46. Rd3 Nxd5+ 47.
Kg5 Rh8 48. Rd4 Rh5+ 49. Kg4 Nf6+ 50. Kg3 Rb5 51. Rd3 g5 52. Kg2 Kg6 53. Kg3 Rb4
54. Kf3 g4+ 55. Kg2 Kg5 56. Rc3 Rd4 57. Rc6 Rd2+ 58. Kg1 g3 59. Rc8 Nh5 60. b4
Nf4 0-1

[Event "4NCL 2024-25"]
[Site "England ENG"]
[Date "2025.01.25"]
[Round "3.26"]
[White "Galyas, Miklos"]
[Black "Ledger, Dave J"]
[Result "1-0"]
[WhiteTitle "GM"]
[BlackTitle "FM"]
[WhiteElo "2387"]
[BlackElo "2178"]
[WhiteTeam "Manx Liberty"]
[BlackTeam "Blackthorne"]
[WhiteFideId "707244"]
[BlackFideId "401986"]
[EventDate "2024.11.23"]

1. Nf3 Nf6 2. g3 d5 3. Bg2 e6 4. O-O c5 5. d4 Nc6 6. c4 dxc4 7. dxc5 Bxc5 8.
Qxd8+ Kxd8 9. Nbd2 Ke7 10. Nxc4 Rd8 11. b3 Nd5 12. Bb2 f6 13. Rac1 Bd7 14. Nce5
Bd6 15. Nxd7 Rxd7 16. Nd2 Rad8 17. Ne4 Be5 18. Ba3+ Kf7 19. Nc5 Nc3 20. Nxd7
Nxe2+ 21. Kh1 Rxd7 22. Bxc6 bxc6 23. Rxc6 Rd2 24. Ra6 Bd4 25. Bd6 Nc3 26. Bb4
Rd3 27. Bxc3 Rxc3 28. Ra4 Rd3 29. Rc4 Rd2 30. Rfc1 e5 31. Rc7+ Kg6 32. R1c2 Rd3
33. Kg2 Bb6 34. R7c3 Rd1 35. b4 Ra1 36. Rc4 Kf5 37. Rd2 h5 38. h3 Kg6 39. Kf3
Kf7 40. Ke4 Re1+ 41. Kd5 Rf1 42. Rcc2 g5 43. a4 Rb1 44. a5 Bd4 45. Rc4 h4 46.
gxh4 gxh4 47. Rcxd4 exd4 48. Rxd4 Rb2 49. Rxh4 1-0

[Event "4NCL 2024-25"]
[Site "England ENG"]
[Date "2025.01.25"]
[Round "3.27"]
[White "Varney, Zoe"]
[Black "Wu, Li"]
[Result "1-0"]
[WhiteTitle "WFM"]
[BlackTitle "FM"]
[WhiteElo "2025"]
[BlackElo "2278"]
[WhiteTeam "Blackthorne"]
[BlackTeam "Manx Liberty"]
[WhiteFideId "436135"]
[BlackFideId "411086"]
[EventDate "2024.11.23"]

1. e4 c5 2. Nf3 Nc6 3. Bb5 d6 4. Bxc6+ bxc6 5. O-O e5 6. c3 f5 7. d4 fxe4 8.
Nxe5 dxe5 9. Qh5+ Kd7 10. dxe5 Kc7 11. Rd1 Qe7 12. Bf4 Be6 13. Nd2 Qe8 14. Qe2
Ne7 15. Nxe4 Nd5 16. Bg3 a5 17. c4 Nb6 18. b3 Be7 19. Qe3 Nd7 20. Rd2 Qg6 21.
Rad1 Rhd8 22. h3 h5 23. f4 h4 24. Bf2 a4 25. Nd6 axb3 26. axb3 Ra3 27. Qf3 Rf8
28. f5 Rxf5 29. Nxf5 Qxf5 30. Qc3 g5 31. Ra1 Rxa1+ 32. Qxa1 Kb7 33. Ra2 Qxe5 34.
Ra7+ Kc8 35. Qxe5 1-0

[Event "4NCL 2024-25"]
[Site "England ENG"]
[Date "2025.01.25"]
[Round "3.28"]
[White "Terbe, Julianna"]
[Black "Ledger, Stephen C"]
[Result "1-0"]
[WhiteTitle "WIM"]
[WhiteElo "2224"]
[BlackElo "2018"]
[WhiteTeam "Manx Liberty"]
[BlackTeam "Blackthorne"]
[WhiteFideId "708780"]
[BlackFideId "404470"]
[EventDate "2024.11.23"]

1. Nf3 c5 2. c4 Nc6 3. Nc3 g6 4. e3 Nf6 5. d4 cxd4 6. exd4 d5 7. cxd5 Nxd5 8.
Qb3 Nxc3 9. Bc4 Nd5 10. Bxd5 e6 11. Bxc6+ bxc6 12. O-O Bg7 13. Bf4 O-O 14. Rfd1
Ba6 15. Qe3 Bc4 16. Ne5 Bd5 17. Rac1 Rc8 18. Rd3 Bxe5 19. dxe5 Qh4 20. Qd2 f5
21. Rh3 Qe7 22. Bg5 Qb7 23. Bf6 Rc7 24. Rg3 Rd7 25. Qe2 Qb5 26. Qxb5 cxb5 27. b3
a6 28. h4 Kf7 29. Rgc3 Bb7 30. Rc7 Ke8 31. R7c2 Kf7 32. f3 Ra8 33. Kf2 Rb8 34.
Ke3 Ra8 35. Rc7 Ke8 36. Kf4 h6 37. Bg7 Rad8 38. Bxh6 Rf7 39. Rxf7 1-0

[Event "4NCL 2024-25"]
[Site "England ENG"]
[Date "2025.01.25"]
[Round "3.31"]
[White "Kovchan, Alexander"]
[Black "Makkar, Rajat"]
[Result "1-0"]
[WhiteTitle "GM"]
[BlackTitle "IM"]
[WhiteElo "2433"]
[BlackElo "2413"]
[WhiteTeam "Barnet Knights A"]
[BlackTeam "The Sharks 1"]
[WhiteFideId "14103052"]
[BlackFideId "36016810"]
[EventDate "2024.11.23"]

1. e4 c5 2. Nf3 d6 3. d4 cxd4 4. Nxd4 Nf6 5. Nc3 Nc6 6. Be2 e5 7. Nf3 Be6 8. Ng5
Be7 9. a3 O-O 10. Nxe6 fxe6 11. Bc4 Qd7 12. Ba2 Kh8 13. Bg5 h6 14. h4 b5 15. Qd2
a5 16. Bxf6 Rxf6 17. Nxb5 Rb8 18. Qd3 d5 19. exd5 exd5 20. Bxd5 Nd4 21. Nxd4
Qxd5 22. Nf3 Qb7 23. Ng5 g6 24. Ne4 Rf4 25. f3 Rd8 26. Qe3 Rd4 27. O-O Qc7 28.
b4 axb4 29. axb4 Bxb4 30. Ra8+ Kg7 31. Qb3 Rdxe4 32. Qg8+ Kf6 33. Ra6+ Bd6 34.
fxe4 1-0

[Event "4NCL 2024-25"]
[Site "England ENG"]
[Date "2025.01.25"]
[Round "3.32"]
[White "Roberson, Peter T"]
[Black "Macak, Stefan"]
[Result "1-0"]
[WhiteTitle "IM"]
[BlackTitle "IM"]
[WhiteElo "2434"]
[BlackElo "2296"]
[WhiteTeam "The Sharks 1"]
[BlackTeam "Barnet Knights A"]
[WhiteFideId "412384"]
[BlackFideId "14905531"]
[EventDate "2024.11.23"]

1. e4 c5 2. Nf3 d6 3. Bb5+ Nd7 4. Ba4 Nf6 5. O-O e6 6. d3 Be7 7. c4 O-O 8. Nc3
a6 9. Qe2 Qc7 10. Ne1 b6 11. Bg5 Bb7 12. f4 Nb8 13. Nf3 Nc6 14. Rae1 Nd4 15.
Nxd4 cxd4 16. Nb1 Ne8 17. Bxe7 Qxe7 18. Nd2 e5 19. Rf3 Nc7 20. f5 f6 21. Rh3 a5
22. Nf3 Na6 23. Nh4 Qf7 24. Qg4 Rfd8 25. Ng6 h6 26. Bd1 Nc5 27. Qe2 b5 28. cxb5
Qxa2 29. Qd2 Qf7 30. Bh5 Qd7 31. b4 axb4 32. Qxb4 Ra4 33. Qb2 Rda8 34. Rb1 Ra2
35. Qc1 R8a4 36. Rg3 R2a3 37. Nxe5 fxe5 38. f6 g5 39. Rxg5+ hxg5 40. Qxg5+ Kf8
41. Qh6+ Kg8 42. f7+ Qxf7 43. Bxf7+ Kxf7 44. Rf1+ Ke8 45. Qf8+ 1-0

[Event "4NCL 2024-25"]
[Site "England ENG"]
[Date "2025.01.25"]
[Round "3.33"]
[White "Badacsonyi, Stanley"]
[Black "O'Gorman, Tom"]
[Result "1/2-1/2"]
[WhiteTitle "FM"]
[BlackTitle "IM"]
[WhiteElo "2320"]
[BlackElo "2391"]
[WhiteTeam "Barnet Knights A"]
[BlackTeam "The Sharks 1"]
[WhiteFideId "486973"]
[BlackFideId "2508249"]
[EventDate "2024.11.23"]

1. d4 d5 2. c4 e6 3. Nc3 Nf6 4. cxd5 exd5 5. Bg5 c6 6. e3 Bd6 7. Bd3 O-O 8. Nge2
Re8 9. h3 a5 10. Qc2 h6 11. Bh4 Na6 12. a3 Nc7 13. Bg3 Bxg3 14. Nxg3 c5 15. dxc5
d4 16. Nd1 Nfd5 17. O-O Qh4 18. exd4 Nf4 19. Ne3 Bxh3 20. Rfe1 Rxe3 21. Rxe3
Bxg2 22. Be4 Qh3 23. Bf5 Qh4 24. Be4 Qh3 25. Bf5 Qh4 1/2-1/2

[Event "4NCL 2024-25"]
[Site "England ENG"]
[Date "2025.01.25"]
[Round "3.34"]
[White "Price, Gwilym"]
[Black "Badacsonyi, Frankie"]
[Result "1/2-1/2"]
[BlackTitle "FM"]
[WhiteElo "2213"]
[BlackElo "2150"]
[WhiteTeam "The Sharks 1"]
[BlackTeam "Barnet Knights A"]
[WhiteFideId "443980"]
[BlackFideId "460400"]
[EventDate "2024.11.23"]

1. e4 c5 2. Nf3 d6 3. d4 cxd4 4. Nxd4 Nf6 5. Nc3 Nc6 6. Bc4 Qb6 7. Ndb5 a6 8.
Be3 Qa5 9. Nd4 e6 10. O-O Be7 11. Bb3 Qc7 12. f4 b5 13. f5 Nxd4 14. Qxd4 O-O 15.
Rf3 Ng4 16. Rg3 Bf6 17. Rxg4 Bxd4 18. Bxd4 g6 19. Rf1 b4 20. Nd5 exd5 21. Bxd5
Qe7 22. Bxa8 Bxf5 23. exf5 Rxa8 24. fxg6 fxg6 25. Rgf4 Qe6 26. h4 Qd5 27. c3
bxc3 28. bxc3 Re8 29. a4 Re5 30. c4 Qc6 31. c5 Rf5 32. cxd6 Rxf4 33. Rxf4 Qxd6
34. g3 Qd5 35. Bf2 h6 36. Rd4 Qe5 37. Kg2 g5 38. hxg5 hxg5 39. Kg1 Kh7 40. Kg2
Kg6 1/2-1/2

[Event "4NCL 2024-25"]
[Site "England ENG"]
[Date "2025.01.25"]
[Round "3.35"]
[White "Yoon, Jacob D"]
[Black "Dong, Bao Nghia"]
[Result "1-0"]
[WhiteTitle "CM"]
[BlackTitle "FM"]
[WhiteElo "2251"]
[BlackElo "2189"]
[WhiteTeam "Barnet Knights A"]
[BlackTeam "The Sharks 1"]
[WhiteFideId "446076"]
[BlackFideId "12400343"]
[EventDate "2024.11.23"]

1. Nf3 f5 2. c4 g6 3. Nc3 Bg7 4. d3 Nf6 5. Bd2 c6 6. Qc1 d6 7. Bh6 Bxh6 8. Qxh6
Qb6 9. Qd2 e5 10. g3 O-O 11. Bg2 f4 12. d4 e4 13. Ng5 e3 14. fxe3 fxe3 15. Qxe3
Qxb2 16. O-O Bf5 17. Rxf5 gxf5 18. Rb1 Qc2 19. Rxb7 Nbd7 20. Ne6 Rf7 21. Bxc6 f4
22. Nxf4 Re8 23. Qd3 Qc1+ 24. Nd1 Rb8 25. Rxb8+ Nxb8 26. Ba4 Kh8 27. Kg2 Nbd7
28. Qc2 Qa3 29. Qb3 Qc1 30. c5 Rg7 31. Ne6 Qd2 32. Nxg7 Qxe2+ 33. Nf2 Ng4 34.
Bxd7 Ne3+ 35. Qxe3 Qxe3 36. Nf5 Qa3 37. c6 Qa5 38. Nxd6 Kg8 39. Be6+ Kf8 40. d5
Ke7 41. Nb5 1-0

[Event "4NCL 2024-25"]
[Site "England ENG"]
[Date "2025.01.25"]
[Round "3.36"]
[White "Onslow, Alfie"]
[Black "Villiers, Thomas"]
[Result "1-0"]
[BlackTitle "CM"]
[WhiteElo "2181"]
[BlackElo "2154"]
[WhiteTeam "The Sharks 1"]
[BlackTeam "Barnet Knights A"]
[WhiteFideId "436976"]
[BlackFideId "427209"]
[EventDate "2024.11.23"]

1. d4 d5 2. Bf4 Nf6 3. e3 c5 4. dxc5 Nc6 5. Bb5 g6 6. b4 Bg7 7. Be5 O-O 8. Bxc6
bxc6 9. Nd2 Ba6 10. Ne2 Bh6 11. Bxf6 exf6 12. Nd4 Qd7 13. N2b3 Rfe8 14. Na5 f5
15. g3 Re4 16. c3 Rae8 17. Qa4 Bb5 18. Nxb5 cxb5 19. Qc2 Bxe3 20. O-O Bg5 21.
Qd3 f4 22. Kg2 Bd8 23. Nb3 R8e5 24. Nd2 Rh5 25. Nxe4 Qh3+ 26. Kf3 Qf5 27. Nf6+
Qxf6 28. Ke2 Rxh2 29. Rae1 Bc7 30. g4 Qe6+ 31. Kd2 Qxg4 32. Re8+ Kg7 33. Qd4+
Kh6 34. Re7 Qg2 35. Rxc7 Qg1 36. Rxg1 Kh5 37. Qxf4 h6 38. Qg4# 1-0